Abbassa la cresta /

Salvato in:
Dettagli Bibliografici
Autori principali: Collet, Géraldine (Autore), Poignonec, Maurèen, (1992-) (Autore)
Altri autori: Russo, Eleonora (traduttrice) (Traduttore)
Natura: Libro
Lingua:italiano
Pubblicazione: Torino : Giralangolo, 2024
Serie:Sottosopra
Tags: Aggiungi Tag
Nessun Tag, puoi essere il primo ad aggiungerne!!

MARC

LEADER 00000nam a22000007i 4500
001 IT\ICCU\BCT\0077233
003 ItRI
005 20260115232118.0
008 241126s2024 it |||||| ||||| |||||c
020 |a 9788859290599 
040 |b ita  |c importazione bologna sebina 
041 7 |a ita  |2 ISO-639-2 
082 |a 843.92  |9 NARRATIVA FRANCESE, 2000-  |2 22 
100 1 |a Collet, Géraldine  |0 IT\ICCU\RMBV\241663  |4 aut 
240 1 0 |a Ma pauvre Lucette  |3 IT\ICCU\BCT\0077234  |9 Collet, Géraldine 
245 1 0 |a Abbassa la cresta /  |c Géraldine Collet, Maurèen Poignonec ; traduzione dal francese di Eleonora Russo. 
260 |a Torino :  |b Giralangolo,  |c 2024 
300 |a 1 volume (senza paginazione) :  |b ill. ;  |c 29 cm 
700 1 |a Poignonec, Maurèen,  |d  (1992-)  |0 IT\ICCU\MODV\666240  |4 aut 
700 1 |a Russo, Eleonora  |c  (traduttrice)  |0 IT\ICCU\BCTV\017592  |4 trl 
830 0 |a Sottosopra  |0 IT\ICCU\LUA\0530335 
942 |2 ddc  |c BK  |n 0 
952 |0 0  |1 0  |4 0  |6 R_843_920000000000000_COL  |7 0  |9 20239  |a BO  |b BO  |d 2026-01-15  |i 21022  |l 0  |o R 843.92 COL  |p BO21022  |r 2026-01-15 23:21:18  |w 2026-01-15  |x [Sebina 5] [1 v.]  |y BK  |z 1 v. 
999 |c 17267  |d 17267